[Event "Svetla nad Sazavou Mares Memorial"]
[Site "Svetla nad Sazavou"]
[Date "2023.12.29"]
[Round "5"]
[White "Svoboda, Ivo"]
[Black "Linhart, Jaroslav"]
[Result "1-0"]
[WhiteElo "1841"]
[BlackElo "1777"]
[PlyCount "73"]
[EventDate "2023.12.29"]
[EventType "swiss"]
[EventRounds "9"]
[EventCountry "CZE"]
[SourceTitle "CB02_2024"]
[SourceDate "2024.01.10"]
[SourceVersion "1"]
[SourceVersionDate "2024.01.10"]
[SourceQuality "1"]

1. d4 Nf6 2. Nf3 e6 3. g3 d5 4. Bg2 Be7 5. 0-0 0-0 6. c4 c6 7. Qc2 Nbd7 8. Nbd2 b6 9. b3 Bb7 10. Bb2 Rc8 11. e4 dxe4 12. Nxe4 c5 13. Nxf6+ Bxf6 14. Rad1 Qc7 15. dxc5 bxc5 16. Rfe1 Rcd8 17. Bxf6 Nxf6 18. Rxd8 Rxd8 19. Rd1 Be4 20. Rxd8+ Qxd8 21. Qd2 Qxd2 22. Nxd2 Bxg2 23. Kxg2 Kf8 24. f3 Ke7 25. Kf2 Kd6 26. Ke3 e5 27. h4 Ke6 28. g4 h6 29. a3 g6 30. g5 Nd7 31. gxh6 Nf8 32. Ne4 f5 33. Nxc5+ Kd6 34. Nd3 Nh7 35. b4 f4+ 36. Ke2 Nf6 37. Nc5 1-0

[Event "Pardubice Czech op-B 30th"]
[Site "Pardubice"]
[Date "2019.07.25"]
[Round "7"]
[White "Mulenko, Alexander"]
[Black "Svoboda, Ivo"]
[Result "1/2-1/2"]
[WhiteElo "2055"]
[BlackElo "1938"]
[PlyCount "98"]
[EventDate "2019.07.19"]
[EventType "swiss"]
[EventRounds "9"]
[EventCountry "CZE"]
[SourceTitle "EXT 2020"]
[Source "ChessBase"]
[SourceDate "2019.10.17"]
[SourceVersion "1"]
[SourceVersionDate "2019.10.17"]
[SourceQuality "1"]

1. Nf3 Nf6 2. c4 g6 3. b3 Bg7 4. Bb2 0-0 5. g3 d6 6. d4 e5 7. dxe5 Ng4 8. Bg2 Nc6 9. 0-0 Ngxe5 10. Nc3 Nxf3+ 11. Bxf3 Bh3 12. Re1 a5 13. Qd2 Rb8 14. Bh1 Be6 15. Nd5 Bxb2 16. Qxb2 Bxd5 17. cxd5 Ne5 18. Qc3 b6 19. Rac1 Rc8 20. Bg2 f5 21. a3 Qf6 22. f4 Nd7 23. Qxf6 Nxf6 24. e4 fxe4 25. Bxe4 Rfe8 26. Bf3 Rxe1+ 27. Rxe1 Re8 28. Rxe8+ Nxe8 29. Kf2 Kf7 30. Ke3 Ke7 31. Kd4 Nf6 32. g4 Nd7 33. b4 axb4 34. axb4 Nf6 35. g5 Ng8 36. Bg4 Kd8 37. f5 gxf5 38. Bxf5 h5 39. Be6 Ne7 40. Bf7 h4 41. Ke4 c5 42. dxc6 Nxc6 43. g6 Ke7 44. b5 Ne5 45. Kd5 Nf3 46. Be6 Kf6 47. h3 Kxg6 48. Kxd6 Nd4 49. Bd7 Nxb5+ 1/2-1/2

[Event "CZE-chT2D 1718"]
[Site "Czech Republic"]
[Date "2018.02.25"]
[Round "9.7"]
[White "Gawlas, Roman"]
[Black "Svoboda, Ivo"]
[Result "1/2-1/2"]
[WhiteElo "1906"]
[BlackElo "1949"]
[PlyCount "32"]
[EventDate "2017.10.15"]
[EventType "team-tourn"]
[EventRounds "11"]
[EventCountry "CZE"]
[SourceTitle "EXT 2022"]
[Source "ChessBase"]
[SourceDate "2021.10.06"]
[SourceVersion "1"]
[SourceVersionDate "2021.10.06"]
[SourceQuality "1"]
[WhiteTeam "Velke Losiny"]
[BlackTeam "Zdar nad Sazavou"]
[WhiteTeamCountry "CZE"]
[BlackTeamCountry "CZE"]

1. d4 d5 2. c4 e6 3. Nc3 Nf6 4. cxd5 exd5 5. Bg5 Be7 6. e3 c6 7. Bd3 Nbd7 8. Nge2 0-0 9. 0-0 Re8 10. f3 Nf8 11. Qc2 Be6 12. Rae1 Rc8 13. Qd2 Ne4 14. Nxe4 Bxg5 15. Nxg5 Qxg5 16. Ng3 Bd7 1/2-1/2

[Event "CZE-chT2D 1718"]
[Site "Czech Republic"]
[Date "2018.01.28"]
[Round "7.8"]
[White "Svoboda, Ivo"]
[Black "Marek, Petr"]
[Result "1/2-1/2"]
[WhiteElo "1949"]
[BlackElo "1967"]
[PlyCount "59"]
[EventDate "2017.10.15"]
[EventType "team-tourn"]
[EventRounds "11"]
[EventCountry "CZE"]
[SourceTitle "EXT 2022"]
[Source "ChessBase"]
[SourceDate "2021.10.06"]
[SourceVersion "1"]
[SourceVersionDate "2021.10.06"]
[SourceQuality "1"]
[WhiteTeam "Zdar nad Sazavou"]
[BlackTeam "Hradec Kralove II"]
[WhiteTeamCountry "CZE"]
[BlackTeamCountry "CZE"]

1. e4 e5 2. Nf3 Nc6 3. Bb5 a6 4. Ba4 Nf6 5. d3 b5 6. Bb3 Be7 7. 0-0 d6 8. c3 Na5 9. Bc2 c5 10. h3 0-0 11. Re1 Qc7 12. Nbd2 Nc6 13. Nf1 a5 14. Ne3 g6 15. a4 b4 16. Bb3 Rb8 17. Nd5 Nxd5 18. Bxd5 bxc3 19. bxc3 Bf6 20. Bh6 Bg7 21. Bxg7 Kxg7 22. d4 cxd4 23. cxd4 Nb4 24. Rc1 Qe7 25. dxe5 dxe5 26. Qd2 Ba6 27. Re3 Rbc8 28. Rec3 f6 29. Rxc8 Rxc8 30. Rxc8 1/2-1/2

[Event "CZE-chT2D 1718"]
[Site "Czech Republic"]
[Date "2017.11.05"]
[Round "2.8"]
[White "Vesely, Tomas"]
[Black "Svoboda, Ivo"]
[Result "1-0"]
[WhiteElo "2047"]
[BlackElo "1949"]
[PlyCount "119"]
[EventDate "2017.10.15"]
[EventType "team-tourn"]
[EventRounds "11"]
[EventCountry "CZE"]
[SourceTitle "EXT 2022"]
[Source "ChessBase"]
[SourceDate "2021.10.06"]
[SourceVersion "1"]
[SourceVersionDate "2021.10.06"]
[SourceQuality "1"]
[WhiteTeam "Pardubice Eurobit"]
[BlackTeam "Zdar nad Sazavou"]
[WhiteTeamCountry "CZE"]
[BlackTeamCountry "CZE"]

1. e4 c5 2. Nf3 e6 3. b3 Nc6 4. Bb2 d6 5. Bb5 Bd7 6. 0-0 Nf6 7. Qe2 Be7 8. e5 dxe5 9. Bxc6 Bxc6 10. Nxe5 Qc7 11. f4 0-0 12. d3 Rfe8 13. Nc3 b5 14. Nxc6 Qxc6 15. a4 a6 16. Qf3 Qxf3 17. Rxf3 Nd5 18. Ne4 Red8 19. g4 Nb4 20. Rc1 Rac8 21. axb5 axb5 22. f5 c4 23. f6 gxf6 24. Nxf6+ Bxf6 25. Bxf6 Rd7 26. bxc4 bxc4 27. d4 Nd5 28. Be5 f6 29. Bxf6 Nxf6 30. Rxf6 Rxd4 31. h3 Re8 32. Re1 Rd2 33. Rf2 Rd4 34. Re5 Kg7 35. Rg5+ Kh8 36. Re5 Kg7 37. Kg2 h6 38. Kg3 Re7 39. Rf4 Rd5 40. Ree4 e5 41. Rf5 Rd4 42. Kf3 c3 43. Rfxe5 Rf7+ 44. Kg2 Rd2+ 45. Re2 Rfd7 46. R5e3 Rc7 47. Kf2 Rd1 48. Re7+ Rxe7 49. Rxe7+ Kf6 50. Re3 Rd2+ 51. Re2 Rd1 52. Kf3 Rh1 53. Kg3 Rc1 54. Kf4 Rf1+ 55. Ke4 Kg5 56. Re3 Kh4 57. Rxc3 h5 58. gxh5 Kxh5 59. Rf3 Rc1 60. c3 1-0

[Event "CZE-chT2D 1617"]
[Site "Czech Republic"]
[Date "2017.04.02"]
[Round "11.7"]
[White "Svoboda, Ivo"]
[Black "Seidl, Zdenek"]
[Result "1-0"]
[WhiteElo "1956"]
[BlackElo "1862"]
[PlyCount "83"]
[EventDate "2016.10.09"]
[EventType "team-tourn"]
[EventRounds "11"]
[EventCountry "CZE"]
[SourceTitle "EXT 2022"]
[Source "ChessBase"]
[SourceDate "2021.10.06"]
[SourceVersion "1"]
[SourceVersionDate "2021.10.06"]
[SourceQuality "1"]
[WhiteTeam "Zdar nad Sazavou"]
[BlackTeam "Pardubice Rapid II"]
[WhiteTeamCountry "CZE"]
[BlackTeamCountry "CZE"]

1. d4 d5 2. c4 e6 3. Nc3 Nf6 4. cxd5 exd5 5. Bg5 Nbd7 6. e3 c6 7. Bd3 Qa5 8. Qc2 Bd6 9. Nf3 h6 10. Bh4 0-0 11. 0-0 Re8 12. a3 Qc7 13. Bg3 Bxg3 14. hxg3 Ng4 15. Nxd5 Qd6 16. Nf4 Nb6 17. e4 Rd8 18. Rad1 Be6 19. e5 Qe7 20. Bf5 h5 21. Bxe6 fxe6 22. Qg6 Qf7 23. Qxe6 Qxe6 24. Nxe6 Rd7 25. Nf4 Rad8 26. b3 Nd5 27. Nxh5 Nge3 28. fxe3 Nxe3 29. Nf4 Nxd1 30. Rxd1 g5 31. Ne6 Re8 32. Nexg5 Rd5 33. Ne4 Re6 34. Nf6+ Rxf6 35. exf6 Kf7 36. Re1 Kxf6 37. Re5 Rd7 38. g4 b6 39. g5+ Kg7 40. Kf2 a5 41. Ke3 Rd6 42. Nh4 1-0

[Event "CZE-chT2D 1617"]
[Site "Czech Republic"]
[Date "2017.02.26"]
[Round "9.7"]
[White "Svoboda, Ivo"]
[Black "Ludvik, Tomas"]
[Result "1/2-1/2"]
[WhiteElo "1956"]
[BlackElo "1952"]
[PlyCount "81"]
[EventDate "2016.10.09"]
[EventType "team-tourn"]
[EventRounds "11"]
[EventCountry "CZE"]
[SourceTitle "EXT 2022"]
[Source "ChessBase"]
[SourceDate "2021.10.06"]
[SourceVersion "1"]
[SourceVersionDate "2021.10.06"]
[SourceQuality "1"]
[WhiteTeam "Zdar nad Sazavou"]
[BlackTeam "Polabiny II"]
[WhiteTeamCountry "CZE"]
[BlackTeamCountry "CZE"]

1. e4 e6 2. d4 d5 3. Nc3 Bb4 4. e5 c5 5. a3 Bxc3+ 6. bxc3 Ne7 7. Qg4 cxd4 8. Bd3 Qc7 9. Ne2 dxc3 10. Qxg7 Rg8 11. Qxh7 Qxe5 12. Bf4 Qf6 13. Qh6 Qxh6 14. Bxh6 Nbc6 15. Nxc3 a6 16. 0-0 e5 17. Rfe1 Be6 18. Na4 0-0-0 19. Rab1 Kc7 20. c3 Nf5 21. Be3 d4 22. cxd4 Nfxd4 23. Be4 Bd5 24. Bxd5 Rxd5 25. Kf1 Nc2 26. Bb6+ Kc8 27. Bc5 Rd3 28. Rec1 Nxa3 29. Nb6+ Kc7 30. Bxa3 Rxa3 31. Nc4 Ra2 32. Nxe5 Re8 33. Nd3 Rd2 34. Nf4 Rd4 35. g3 b5 36. h4 Kb6 37. h5 a5 38. Ne2 Rd2 39. Nf4 b4 40. Re1 Red8 41. Re4 1/2-1/2

[Event "CZE-chT2D 1617"]
[Site "Czech Republic"]
[Date "2016.11.27"]
[Round "4.5"]
[White "Svoboda, Ivo"]
[Black "Houska, Bronislav"]
[Result "1-0"]
[WhiteElo "1956"]
[BlackElo "2000"]
[PlyCount "75"]
[EventDate "2016.10.09"]
[EventType "team-tourn"]
[EventRounds "11"]
[EventCountry "CZE"]
[SourceTitle "EXT 2022"]
[Source "ChessBase"]
[SourceDate "2021.10.06"]
[SourceVersion "1"]
[SourceVersionDate "2021.10.06"]
[SourceQuality "1"]
[WhiteTeam "Zdar nad Sazavou"]
[BlackTeam "Policka Stefanydes"]
[WhiteTeamCountry "CZE"]
[BlackTeamCountry "CZE"]

1. e4 d6 2. d4 Nf6 3. Nc3 g6 4. Be3 Bg7 5. Qd2 0-0 6. Bh6 e5 7. Bxg7 Kxg7 8. 0-0-0 Nc6 9. Nf3 Bg4 10. dxe5 Nxe5 11. Be2 Bxf3 12. gxf3 a6 13. f4 Ned7 14. h4 Qe7 15. h5 b5 16. Qd4 Rac8 17. Bf3 Rfe8 18. h6+ Kf8 19. Rhe1 Qe6 20. e5 dxe5 21. fxe5 c5 22. Qd6+ Qxd6 23. Rxd6 Nxe5 24. Rxf6 Nd3+ 25. cxd3 Rxe1+ 26. Kd2 Re6 27. Rxe6 fxe6 28. Bb7 Rd8 29. Bxa6 c4 30. Bxb5 Rxd3+ 31. Ke2 Rd4 32. a4 Ke7 33. a5 Kd6 34. f3 Kc5 35. Ba4 Kb4 36. a6 Ka5 37. a7 Rd8 38. Bc6 1-0

[Event "CZE-chT2D 1415"]
[Site "Czech Republic"]
[Date "2015.04.19"]
[Round "11.5"]
[White "Svoboda, Ivo"]
[Black "Mares, Jan"]
[Result "1/2-1/2"]
[WhiteElo "1946"]
[BlackElo "1962"]
[PlyCount "93"]
[EventDate "2014.11.02"]
[EventType "team-tourn"]
[EventRounds "11"]
[EventCountry "CZE"]
[SourceTitle "EXT 2022"]
[Source "ChessBase"]
[SourceDate "2021.10.06"]
[SourceVersion "1"]
[SourceVersionDate "2021.10.06"]
[SourceQuality "1"]
[WhiteTeam "Zdar nad Sazavou"]
[BlackTeam "Usti nad Orlici"]
[WhiteTeamCountry "CZE"]
[BlackTeamCountry "CZE"]

1. e4 e5 2. Nf3 Nc6 3. Bb5 Bc5 4. c3 Nf6 5. 0-0 0-0 6. d4 Bb6 7. Re1 d6 8. h3 Bd7 9. d5 Ne7 10. Bxd7 Nxd7 11. c4 h6 12. Nc3 f5 13. Be3 f4 14. Bxb6 Nxb6 15. c5 Nd7 16. b4 Ng6 17. cxd6 cxd6 18. Rc1 Rc8 19. Re2 a6 20. Rec2 Nb6 21. Na4 Rxc2 22. Qxc2 Nxa4 23. Qxa4 Nh4 24. Nxh4 Qxh4 25. Qd7 f3 26. Rc7 Qg5 27. g3 Rf4 28. Qxd6 Rxe4 29. Rc8+ Kh7 30. Qf8 Re1+ 31. Kh2 Re2 32. Qxf3 Rd2 33. Kg2 Qg6 34. h4 e4 35. Qf8 Qf6 36. Qxf6 gxf6 37. Kf1 Kg6 38. Rc7 Rxd5 39. Rxb7 Rd2 40. a4 Ra2 41. a5 Kf5 42. Rb6 Rb2 43. Rxa6 Rxb4 44. Rb6 Ra4 45. a6 Ra2 46. Ke1 h5 47. Rc6 1/2-1/2

[Event "CZE-chT2D 1415"]
[Site "Czech Republic"]
[Date "2015.03.29"]
[Round "10.6"]
[White "Svoboda, Ivo"]
[Black "Jezbera, Jiri"]
[Result "1-0"]
[WhiteElo "1946"]
[BlackElo "2173"]
[PlyCount "77"]
[EventDate "2014.11.02"]
[EventType "team-tourn"]
[EventRounds "11"]
[EventCountry "CZE"]
[SourceTitle "EXT 2022"]
[Source "ChessBase"]
[SourceDate "2021.10.06"]
[SourceVersion "1"]
[SourceVersionDate "2021.10.06"]
[SourceQuality "1"]
[WhiteTeam "Zdar nad Sazavou"]
[BlackTeam "Hradec Kralove II"]
[WhiteTeamCountry "CZE"]
[BlackTeamCountry "CZE"]

1. e4 c5 2. Nf3 e6 3. d4 cxd4 4. Nxd4 Nf6 5. Nc3 Bb4 6. Bd3 d5 7. exd5 Nxd5 8. Bd2 Nxc3 9. bxc3 Be7 10. 0-0 Nd7 11. Re1 Nf6 12. Qe2 0-0 13. Nf5 Bc5 14. Ng3 Re8 15. Bg5 Be7 16. Rad1 Qa5 17. Bb5 Rf8 18. Nf5 exf5 19. Qxe7 Qxb5 20. Bxf6 gxf6 21. Qxf6 h6 22. Re3 f4 23. Qxf4 Kh7 24. Re5 Qb6 25. Re3 Qg6 26. Rg3 Qf5 27. Qd4 Rg8 28. Rxg8 Kxg8 29. Rd3 Kh7 30. Rg3 f6 31. Qd8 Qe6 32. Re3 Qxa2 33. Qe7+ Kg6 34. Rg3+ Kf5 35. Rf3+ Kg4 36. h3+ Kh5 37. g4+ Bxg4 38. hxg4+ Kxg4 39. Qe4+ 1-0

[Event "CZE-chT2D 1415"]
[Site "Czech Republic"]
[Date "2015.03.15"]
[Round "9.7"]
[White "Trojan, Lubos"]
[Black "Svoboda, Ivo"]
[Result "1-0"]
[WhiteElo "2018"]
[BlackElo "1946"]
[PlyCount "61"]
[EventDate "2014.11.02"]
[EventType "team-tourn"]
[EventRounds "11"]
[EventCountry "CZE"]
[SourceTitle "EXT 2022"]
[Source "ChessBase"]
[SourceDate "2021.10.06"]
[SourceVersion "1"]
[SourceVersionDate "2021.10.06"]
[SourceQuality "1"]
[WhiteTeam "Polabiny II"]
[BlackTeam "Zdar nad Sazavou"]
[WhiteTeamCountry "CZE"]
[BlackTeamCountry "CZE"]

1. d4 Nf6 2. Nf3 d5 3. c4 e6 4. Nc3 Be7 5. Bf4 0-0 6. e3 c6 7. Bd3 Nbd7 8. Qc2 dxc4 9. Bxc4 Nb6 10. Be2 Nbd5 11. Bg5 Nxc3 12. bxc3 Nd5 13. Bxe7 Qxe7 14. 0-0 c5 15. Bd3 h6 16. Qd2 cxd4 17. exd4 b6 18. Rac1 Bb7 19. Rfe1 Qc7 20. Ne5 Rad8 21. Bb1 Nf6 22. Qc2 g6 23. Re3 Nh5 24. Rce1 Qe7 25. Nxg6 fxg6 26. Rxe6 Qh7 27. Rxg6+ Ng7 28. Re7 Rf7 29. Rxf7 Kxf7 30. Rf6+ Kg8 31. Qxh7# 1-0

[Event "CZE-chT2D 1415"]
[Site "Czech Republic"]
[Date "2015.02.08"]
[Round "7.6"]
[White "Svoboda, Ivo"]
[Black "Dolezel, Jaromir"]
[Result "0-1"]
[WhiteElo "1946"]
[BlackElo "2042"]
[PlyCount "42"]
[EventDate "2014.11.02"]
[EventType "team-tourn"]
[EventRounds "11"]
[EventCountry "CZE"]
[SourceTitle "EXT 2022"]
[Source "ChessBase"]
[SourceDate "2021.10.06"]
[SourceVersion "1"]
[SourceVersionDate "2021.10.06"]
[SourceQuality "1"]
[WhiteTeam "Zdar nad Sazavou"]
[BlackTeam "Zabreh"]
[WhiteTeamCountry "CZE"]
[BlackTeamCountry "CZE"]

1. e4 c5 2. Nf3 d6 3. Bb5+ Nd7 4. d4 Ngf6 5. Nc3 a6 6. Bc4 e6 7. a4 b6 8. e5 cxd4 9. Qxd4 dxe5 10. Nxe5 Bc5 11. Qf4 Nxe5 12. Qxe5 Bxf2+ 13. Ke2 Qd4 14. Qxd4 Bxd4 15. Rd1 e5 16. Nd5 Bg4+ 17. Kd2 Rd8 18. Nxf6+ gxf6 19. c3 Bc5+ 20. Bd3 Bxd1 21. Kxd1 Rxd3+ 0-1

[Event "CZE-chT2D 1415"]
[Site "Czech Republic"]
[Date "2014.11.16"]
[Round "2.6"]
[White "Hajek, Jiri"]
[Black "Svoboda, Ivo"]
[Result "1-0"]
[WhiteElo "2085"]
[BlackElo "1946"]
[PlyCount "81"]
[EventDate "2014.11.02"]
[EventType "team-tourn"]
[EventRounds "11"]
[EventCountry "CZE"]
[SourceTitle "EXT 2022"]
[Source "ChessBase"]
[SourceDate "2021.10.06"]
[SourceVersion "1"]
[SourceVersionDate "2021.10.06"]
[SourceQuality "1"]
[WhiteTeam "Lipa ZVU Engineering"]
[BlackTeam "Zdar nad Sazavou"]
[WhiteTeamCountry "CZE"]
[BlackTeamCountry "CZE"]

1. d4 Nf6 2. Nf3 e6 3. c4 d5 4. e3 c5 5. Nc3 Nc6 6. a3 a6 7. dxc5 Bxc5 8. b4 Bd6 9. Bb2 0-0 10. Rc1 dxc4 11. Bxc4 b5 12. Ba2 Bb7 13. 0-0 Qe7 14. Bb1 Rfd8 15. Qe2 Rac8 16. Ne4 Nxe4 17. Bxe4 Nb8 18. Bxb7 Qxb7 19. e4 Rxc1 20. Rxc1 Bf4 21. Rc2 Rc8 22. Qd3 h6 23. g3 Rxc2 24. Qxc2 Bd6 25. Qc3 Bf8 26. Nd2 Qc6 27. f3 Qxc3 28. Bxc3 a5 29. bxa5 Bxa3 30. Kf1 g6 31. Ke2 Kf8 32. Kd3 Ke7 33. Nb3 Na6 34. Nd4 Nc5+ 35. Kc2 b4 36. Nc6+ Kd6 37. Nxb4 Kc7 38. Nd3 Na6 39. Kb3 Be7 40. Kc4 Kb7 41. Ne5 1-0

[Event "Trebic Highlands op 10th"]
[Site "Trebic"]
[Date "2014.05.23"]
[Round "8"]
[White "Svoboda, Ivo"]
[Black "Suchomelova, Simona"]
[Result "1-0"]
[WhiteElo "1993"]
[BlackElo "1834"]
[PlyCount "76"]
[EventDate "2014.05.17"]
[EventType "swiss"]
[EventRounds "9"]
[EventCountry "CZE"]
[SourceTitle "CBM 160 Extra"]
[Source "ChessBase"]
[SourceDate "2014.07.01"]
[SourceVersion "1"]
[SourceVersionDate "2014.07.01"]
[SourceQuality "1"]

1. Nf3 Nf6 2. c4 g6 3. Nc3 Bg7 4. e4 d6 5. d4 0-0 6. Be2 e5 7. 0-0 Nc6 8. d5 Ne7 9. b4 Nd7 10. Nd2 f5 11. a4 Nf6 12. f3 f4 13. c5 g5 14. Ba3 Rf7 15. Nc4 Bf8 16. b5 Ng6 17. b6 axb6 18. cxb6 cxb6 19. Qb3 g4 20. Qxb6 Qxb6+ 21. Nxb6 Rb8 22. Nb5 gxf3 23. gxf3 Bh3 24. Rf2 Rd8 25. Rd1 Rg7 26. Kh1 Nh4 27. Rg1 Ne8 28. Rxg7+ Kxg7 29. Bf1 Bxf1 30. Rxf1 Kf6 31. Kg1 Ke7 32. Kf2 Ng6 33. Rc1 Nh8 34. Bb4 Nf7 35. Ke2 h6 36. Nc7 Rb8 37. Ne6 Ng5 38. Nxf8 Kxf8 1-0

[Event "Brno op 3rd"]
[Site "Brno"]
[Date "2012.11.16"]
[Round "8"]
[White "Sipl, Frantisek"]
[Black "Svoboda, Ivo"]
[Result "0-1"]
[WhiteElo "1891"]
[BlackElo "2005"]
[PlyCount "92"]
[EventDate "2012.11.10"]
[EventType "swiss"]
[EventRounds "9"]
[EventCountry "CZE"]
[SourceTitle "CBM 151 Extra"]
[Source "ChessBase"]
[SourceDate "2012.12.18"]
[SourceVersion "1"]
[SourceVersionDate "2012.12.18"]
[SourceQuality "1"]

1. d4 Nf6 2. c4 e6 3. Nc3 Bb4 4. Qc2 d5 5. Nf3 c5 6. e3 0-0 7. Bd3 cxd4 8. Nxd4 e5 9. Nb3 dxc4 10. Bxc4 Qc7 11. Bd3 Be6 12. 0-0 Nc6 13. a3 Be7 14. Ne4 Nxe4 15. Bxe4 f5 16. Bxc6 Rac8 17. Bd2 Qxc6 18. Qxc6 Rxc6 19. Nc1 Rd8 20. Bc3 Bf6 21. Ne2 Bc4 22. Rfe1 Kf7 23. Ng3 g6 24. Red1 Rcd6 25. Rxd6 Rxd6 26. h3 Ke6 27. Rc1 Rc6 28. Nf1 Be7 29. Nd2 Bd5 30. f3 Bc5 31. Re1 Bxa3 32. e4 Bc5+ 33. Kh1 fxe4 34. Nxe4 Bxe4 35. Rxe4 Bd6 36. g4 Kd5 37. Re1 a6 38. Rd1+ Kc4 39. Re1 Kb3 40. Bxe5 Bxe5 41. Rxe5 Kxb2 42. Re7 b5 43. Rxh7 b4 44. f4 a5 45. Rh6 a4 46. f5 a3 0-1

[Event "Zdar nad Sazavou Vysocina op 8th"]
[Site "Zdar nad Sazavou"]
[Date "2011.09.28"]
[Round "5"]
[White "Svoboda, Ivo"]
[Black "Horyna, Josef"]
[Result "1-0"]
[WhiteElo "2006"]
[BlackElo "1888"]
[PlyCount "107"]
[EventDate "2011.09.24"]
[EventType "swiss"]
[EventRounds "9"]
[EventCountry "CZE"]
[SourceTitle "CBM 144 Extra"]
[Source "ChessBase"]
[SourceDate "2011.10.28"]
[SourceVersion "1"]
[SourceVersionDate "2011.10.28"]
[SourceQuality "1"]

1. e4 e6 2. d4 d5 3. Nc3 Nf6 4. e5 Nfd7 5. f4 c5 6. Nf3 Nc6 7. Be3 a6 8. Qd2 Nxd4 9. Nxd4 cxd4 10. Bxd4 Bc5 11. 0-0-0 Bxd4 12. Qxd4 Qb6 13. Qxb6 Nxb6 14. Bd3 Bd7 15. Rhe1 Rc8 16. Ne2 0-0 17. Nd4 Rc7 18. g4 Na4 19. Re3 Nc5 20. g5 b5 21. Rh3 Nxd3+ 22. Rdxd3 f5 23. Rc3 Rfc8 24. Rxc7 Rxc7 25. Rc3 Rxc3 26. bxc3 Kf7 27. Kd2 Kg6 28. Ke3 Kh5 29. Kf3 h6 30. gxh6 Kxh6 31. Kg3 g5 32. fxg5+ Kxg5 33. h4+ Kh5 34. Ne2 a5 35. Nf4+ Kh6 36. a3 Bc8 37. Kf2 Kg7 38. Ke3 Kf7 39. Kd4 Bd7 40. Kc5 Ke7 41. h5 Be8 42. h6 Kf7 43. Nh5 Kg6 44. h7 Kxh7 45. Nf6+ Kg6 46. Nxe8 f4 47. Kd4 f3 48. Ke3 Kf5 49. Nd6+ Kxe5 50. Nxb5 Kf5 51. Nd4+ Kf6 52. Nxf3 e5 53. c4 dxc4 54. Ke4 1-0

[Event "Zdar nad Sazavou Vysocina op 8th"]
[Site "Zdar nad Sazavou"]
[Date "2011.09.26"]
[Round "3"]
[White "Svoboda, Ivo"]
[Black "Denk, Petr"]
[Result "1/2-1/2"]
[WhiteElo "2006"]
[BlackElo "1808"]
[PlyCount "48"]
[EventDate "2011.09.24"]
[EventType "swiss"]
[EventRounds "9"]
[EventCountry "CZE"]
[SourceTitle "CBM 144 Extra"]
[Source "ChessBase"]
[SourceDate "2011.10.28"]
[SourceVersion "1"]
[SourceVersionDate "2011.10.28"]
[SourceQuality "1"]

1. e4 d5 2. exd5 Qxd5 3. Nc3 Qd8 4. d4 Bf5 5. Nf3 e6 6. Bf4 Bd6 7. Bxd6 cxd6 8. Bb5+ Nc6 9. d5 exd5 10. 0-0 Nge7 11. Nxd5 0-0 12. Nxe7+ Qxe7 13. c3 a6 14. Re1 Qf6 15. Be2 Ne5 16. Nxe5 dxe5 17. Bf3 Rab8 18. Qe2 Rfe8 19. Rad1 e4 20. Bg4 Re5 21. Bxf5 Qxf5 22. Qe3 Qe6 23. Rd4 f5 24. b3 Rf8 1/2-1/2

[Event "Zdar nad Sazavou Vysocina op 7th"]
[Site "Zdar nad Sazavou"]
[Date "2010.09.28"]
[Round "4"]
[White "Lesinski, Zdzislaw"]
[Black "Svoboda, Ivo"]
[Result "1/2-1/2"]
[WhiteElo "1949"]
[BlackElo "2023"]
[PlyCount "46"]
[EventDate "2010.09.25"]
[EventType "swiss"]
[EventRounds "9"]
[EventCountry "CZE"]
[SourceTitle "CBM 138 Extra"]
[Source "ChessBase"]
[SourceDate "2010.10.29"]
[SourceVersion "1"]
[SourceVersionDate "2010.10.29"]
[SourceQuality "1"]

1. e4 c5 2. Nc3 d6 3. f4 g6 4. Nf3 Bg7 5. Bb5+ Bd7 6. 0-0 Bxb5 7. Nxb5 Nc6 8. c3 a6 9. Na3 e6 10. Nc2 Nf6 11. Qe1 0-0 12. d3 b5 13. Kh1 a5 14. Bd2 b4 15. d4 Qb6 16. e5 dxe5 17. dxe5 bxc3 18. bxc3 Nd5 19. Na3 Qa6 20. Rb1 Rab8 21. Qf2 Rfc8 22. Rfd1 Bf8 23. Qf1 Qxf1+ 1/2-1/2

[Event "CZE-chT2D 0910"]
[Site "Czech Republic"]
[Date "2010.03.28"]
[Round "10.6"]
[White "Svoboda, Ivo"]
[Black "Pakosta, Miroslav"]
[Result "1-0"]
[WhiteElo "2017"]
[BlackElo "2126"]
[PlyCount "65"]
[EventDate "2009.10.18"]
[EventType "team-tourn"]
[EventRounds "11"]
[EventCountry "CZE"]
[SourceTitle "EXT 2012"]
[Source "ChessBase"]
[SourceDate "2011.11.24"]
[SourceVersion "1"]
[SourceVersionDate "2011.11.24"]
[SourceQuality "1"]
[WhiteTeam "Zdar nad Sazavou"]
[BlackTeam "Brno Lokomotiva II"]
[WhiteTeamCountry "CZE"]
[BlackTeamCountry "CZE"]

1. e4 d6 2. d4 Nf6 3. Nc3 g6 4. Nf3 Bg7 5. Be2 0-0 6. 0-0 c5 7. h3 cxd4 8. Nxd4 Nc6 9. Be3 Bd7 10. Re1 Rc8 11. Nxc6 Bxc6 12. Bf3 Qa5 13. Nd5 Rfe8 14. c3 Bxd5 15. exd5 Nd7 16. Bg4 f5 17. Be2 Be5 18. Qb3 Nc5 19. Bxc5 Qxc5 20. Rad1 Rc7 21. Bf3 a6 22. Rxe5 dxe5 23. d6+ Kg7 24. dxc7 Qxc7 25. Qxb7 Qc5 26. Rd5 Qc4 27. Rxe5 Kf6 28. Qd5 Qf4 29. Re6+ Kg5 30. Qe5 Qxe5 31. Rxe5 Kf4 32. Re6 g5 33. g3+ 1-0

[Event "CZE-chT2D 0910"]
[Site "Czech Republic"]
[Date "2010.02.14"]
[Round "7.7"]
[White "Svoboda, Ivo"]
[Black "Vejmelek, Milan"]
[Result "1/2-1/2"]
[WhiteElo "2017"]
[BlackElo "2129"]
[PlyCount "81"]
[EventDate "2009.10.18"]
[EventType "team-tourn"]
[EventRounds "11"]
[EventCountry "CZE"]
[SourceTitle "EXT 2012"]
[Source "ChessBase"]
[SourceDate "2011.11.24"]
[SourceVersion "1"]
[SourceVersionDate "2011.11.24"]
[SourceQuality "1"]
[WhiteTeam "Zdar nad Sazavou"]
[BlackTeam "Pelhrimov"]
[WhiteTeamCountry "CZE"]
[BlackTeamCountry "CZE"]

1. e4 e6 2. d4 d5 3. Nd2 Nf6 4. e5 Nfd7 5. Bd3 c5 6. c3 Nc6 7. Ne2 cxd4 8. cxd4 f6 9. exf6 Nxf6 10. Nf3 Bd6 11. 0-0 Qc7 12. Nc3 a6 13. Bg5 0-0 14. Bh4 Bd7 15. Bg3 Rae8 16. Rc1 Bf4 17. a3 Qd6 18. Ne2 Bxg3 19. Nxg3 e5 20. dxe5 Nxe5 21. Nxe5 Qxe5 22. Qd2 Kh8 23. Qb4 b5 24. Rfe1 Qb8 25. Rxe8 Rxe8 26. Re1 Rxe1+ 27. Qxe1 Qf4 28. h3 Qd4 29. Qe2 Kg8 30. Bc2 Kf7 31. Bf5 Qf4 32. Bxd7 Nxd7 33. Qh5+ Ke6 34. Qxh7 Qc1+ 35. Kh2 Qxb2 36. Qg8+ Kd6 37. Nf5+ Kc7 38. Qxd5 Qxa3 39. Qe4 Qc3 40. Nd4 Qc4 41. Qf4+ 1/2-1/2